000 00373nam a2200133 4500
005 20260530113858.0
100 1 _aItalian Institute of Foreign Trade
_931992
245 1 0 _aDesign and Made in Italy
264 1 _bItalian Institute of Foreign Trade
_c2000
300 _a/ páginas
336 _atexto
_2rdacontent
337 _asin medio
_2rdamedia
338 _avolumen
_2rdacarrier
999 _c11705
_d11705